Effects of age and success on arousal levels of advanced female tennis competitors before and after tournament competition /

Bibliographic Details
Main Author: Hagerman, Betty Sue, 1948-
Format: Thesis Book
Language:English
Published: Austin, Tex. : Hagerman, 1972.
Subjects:

MARC

Tag First Indicator Second Indicator Subfields
LEADER 00000cam a2200000 i 4500
001 in00000042836
005 20151007064901.0
008 740610r19741972orua bb 00010 eng d
035 |a (OCoLC)00911696 
035 |9 AAE0825AM 
040 |a MIA  |c MIA  |d OCL  |d TXA  |d UtOrBLW 
049 |a TXAI 
099 |a fiche  |a C  |a 1489 
100 1 |a Hagerman, Betty Sue,  |d 1948- 
245 1 0 |a Effects of age and success on arousal levels of advanced female tennis competitors before and after tournament competition /  |c by Betty Sue Hagerman. 
264 1 |a Austin, Tex. :  |b Hagerman,  |c 1972. 
300 |a 120 leaves ;  |c 28 cm. 
336 |a text  |b txt  |2 rdacontent 
337 |a microform  |b h  |2 rdamedia 
338 |a microfiche  |b he  |2 rdacarrier 
500 |a Vita. 
500 |a Microfiche (negative) of typescript. Eugene : Microform Publications, College of Health, Physical Education and Recreation, University of Oregon, 1974. -- 2 sheets ; 10.5 x 14.8 cm. 
502 |c University of Texas at Austin. 
504 |a Bibliography: leaves 107-120. 
500 |a Microform. 
650 0 |a Reaction time. 
650 0 |a Arousal (Physiology) 
650 0 |a Tennis. 
999 |a MARS 
999 f f |s ec83f4d1-90a6-3b78-8bbb-3ec5b476dff6  |i cf3ccf3a-2ece-3453-abfb-741c1d255a42  |t 0 
952 f f |p normal  |a Texas A&M University  |b College Station  |c Sterling C. Evans Library  |d Evans: Microforms (3rd floor)  |t 0  |e fiche C 1489  |h Other scheme  |i microform -- microfiche  |m A14820671967 
998 f f |a fiche C 1489  |t 0  |l Evans: Microforms (3rd floor)